000 00415nam a2200169Ia 4500
008 230711s9999||||xx |||||||||||||| ||und||
020 _a978-81-8488-300-8
041 _aENG
082 _a658
_bBO-M
100 _aBose, Biplab S
245 0 _aMarketing management
250 _a3rd Ed.
260 _c2010
_aMumbai
_bHimalaya Publishing House
300 _a792
650 _aUNIVESITY BUSNIESS SCHOOL
942 _cBK
999 _c5581
_d5581